Cargando...

A framework for marketing management /

Detalles Bibliográficos
Autor Principal: Kotler, Philip
Outros autores: Keller, Kevin Lane
Formato: Printed Book
Publicado: Chennai Pearson India 2016
Edición:Sixth edition
Subjects:
LEADER 00588nam a2200181 4500
020 |a 9789332557185 
082 0 0 |a 658.8  |b KOT/M 
100 1 |a Kotler, Philip. 
245 1 2 |a A framework for marketing management / 
250 |a Sixth edition 
260 |a Chennai  |b Pearson India  |c 2016 
300 |a xxi, 320 pages ; 
500 |a Includes indexes. 
650 0 |a Marketing 
700 1 |a Keller, Kevin Lane, 
942 |c BK 
999 |c 44990  |d 44990 
952 |0 0  |1 0  |4 0  |6 658_800000000000000_KOTM  |7 0  |8 Stack  |9 48971  |a KUCL  |b KUCL  |c Stack  |d 2018-03-13  |l 4  |m 1  |o 658.8 KOT/M  |p 45587  |r 2020-02-13  |s 2020-02-06  |w 2018-03-13  |y BK